| 000 | 00602nam a22001937a 4500 | ||
|---|---|---|---|
| 005 | 20170822113016.0 | ||
| 010 | _aENG-119936 | ||
| 020 |
_c1900.00 _a9788182204942 |
||
| 035 | _aEN-103468 | ||
| 037 | _bDBAD/PUB | ||
| 082 | _a780.901 | ||
| 100 | _aGhosh, Santosh | ||
| 245 |
_aMusic in the aniciant world / _cby Santosh Ghosh |
||
| 260 |
_aDelhi _bGlobal Vision Publishing House _c2015 |
||
| 270 |
_a20,Ansari Road,Daryaganj _bDelhi _e110002 |
||
| 300 |
_axii,219p. : _c23cm(Hb) _bill |
||
| 500 | _aIncludes bibliographical references and index | ||
| 942 |
_2ddc _cEN _h780.901 _mGHO |
||
| 999 |
_c143623 _d143623 |
||